Nestať sa pacientom

Bibliographic Details
Main Author: Klásková, Ilza (Author)
Format: Article
Language:Slovak
Subjects:

MARC

LEADER 00000nab a2200000 a 4500
001 vtls000461375
003 SK-MaSNL
005 20260303001411.0
008 220422c1992 xo 0 slo
015 |a SNBRB19rr/mm-uuuuu 
035 |a CL0461507 
040 |a SNKBUCL  |b slo  |c SNKBUCL  |e AACR2 
041 0 |a slo 
044 |a xo  |c SK 
080 |a 614.258(100)  |2 1981 
100 1 |a Klásková, Ilza  |4 aut  |9 897100 
245 1 0 |a Nestať sa pacientom  |c Ilza Klásková 
650 0 7 |a zdravie  |2 snkbucl  |9 16322 
650 0 7 |a starostlivosť o zdravie  |2 snkbucl  |9 1302 
650 0 7 |a Svetová zdravotnícka organizácia  |2 snkbucl  |9 15128 
655 7 |a články z novín a časopisov  |2 snkbucl  |9 267496 
773 0 |t Zdravie  |g Roč. 48, č. 8 (1992), s. 3 
850 |a Slovenská národná knižnica v Martine  |a MTA001 
852 |a SNK  |b KIS3GCP 
958 |a RK 
958 |a ME 
992 |a RBX 
999 |c 1563313  |d 1565243